UBT Library

Psychological science / (Record no. 38916)

000 -LEADER
fixed length control field 00769cam a22002534a 4500
001 - CONTROL NUMBER
control field 14022744
005 - DATE AND TIME OF LATEST TRANSACTION
control field 20171214043249.0
008 - FIXED-LENGTH DATA ELEMENTS--GENERAL INFORMATION
fixed length control field 050701s2006 nyua b 001 0 eng
010 ## - LIBRARY OF CONGRESS CONTROL NUMBER
LC control number 2005048246
020 ## - INTERNATIONAL STANDARD BOOK NUMBER
International Standard Book Number 0393924971
035 ## - SYSTEM CONTROL NUMBER
System control number (OCoLC)ocm60856194
040 ## - CATALOGING SOURCE
Original cataloging agency DLC
Transcribing agency DLC
Modifying agency YDX
-- BAKER
-- DLC
041 ## - LANGUAGE CODE
Language code of text/sound track or separate title eng
042 ## - AUTHENTICATION CODE
Authentication code pcc
080 ## - UNIVERSAL DECIMAL CLASSIFICATION NUMBER
Universal Decimal Classification number 150 GAZ
082 00 - DEWEY DECIMAL CLASSIFICATION NUMBER
Classification number 150 GAZ
Edition number 22
100 1# - Rafti
Rafti 48
101 ## - Shkurtesa
Shkurtesa PSI
245 10 - TITLE STATEMENT
Title Psychological science /
Statement of responsibility, etc Michael S. Gazzaniga, Todd F. Heatherton.
504 ## - BIBLIOGRAPHY, ETC. NOTE
Bibliography, etc Includes bibliographical references and indexes.
906 ## - LOCAL DATA ELEMENT F, LDF (RLIN)
a 7
b cbc
c orignew
d 1
e ocip
f 20
g y-gencatlg
942 ## - ADDED ENTRY ELEMENTS (KOHA)
Source of classification or shelving scheme
Item type Books
Holdings
Withdrawn status Lost status Source of classification or shelving scheme Damaged status Not for loan Collection code Permanent location Current location Shelving location Date acquired Total Checkouts Full call number Barcode Date last seen Price effective from Koha item type
          Koleksioni i përgjithshem UBT - Lipjan UBT - Lipjan Koleksioni i përgjithshem 12/14/2017   150 GAZ 002-2939365 12/14/2017 12/14/2017 Books
UBT Library © 2015-2024. All rights reserved University Education for Business and Technology